000 00282nam a2200121Ia 4500
008 190216s9999||||xx |||||||||||||| ||und||
100 _aMahendra R Awode
245 0 _aQuantum Chemistry
260 _bS Chand & Co
_c2002
300 _a293p
650 _aQuantum Chemistry
942 _cBK
999 _c3394
_d3394